Score 0/24 Timer 04:00
0 Plays Today
Hint Answer % Correct
Gone with the _____Wind
97.5%
You _____ Live TwiceOnly
96.4%
Rich Man, _____ ManPoor
96.3%
Anne of _____ GablesGreen
94.1%
The Talented _____ RipleyMr.
93.1%
_____ the Looking GlassThrough
93.1%
_____ and Present DangerClear
88%
The Joy Luck _____Club
86.2%
The Time Traveler's _____Wife
84.9%
_____ with the VampireInterview
80.5%
As I Lay _____Dying
79.9%
The _____ of TidesPrince
79.1%
Hint Answer % Correct
Strangers on a _____Train
78.3%
A Time to _____Kill
76.5%
Remembrance of Things _____Past
74.7%
Like _____ for ChocolateWater
74.3%
_____, the Beloved CountryCry
58.5%
All the _____ HorsesPretty
58.1%
A _____ in ScarletStudy
49.7%
Go Set a _____Watchman
42.3%
We _____ the MulvaneysWere
39.1%
The _____ They CarriedThings
35.7%
A Thousand _____ SunsSplendid
32.5%
The _____ of GenjiTale
25.2%

Today's Daily Dose

Remove Ads.
Support Sporcle.
Get the best of Sporcle when you Go Orange. This ad-free experience offers more features, more stats, and more fun while also helping to support Sporcle. Thank you for becoming a member.

You're not logged in!

Compare scores with friends on all Sporcle quizzes.
OR
Log In

Show Comments

Extras

Top Quizzes Today


Score Distribution

Your Account Isn't Verified!

In order to create a playlist on Sporcle, you need to verify the email address you used during registration. Go to your Sporcle Settings to finish the process.

Report this User

Report this user for behavior that violates our Community Guidelines.

Details: